000 00228 a2200097 4500
001 12254
100 _aChiragh,Muhammad Ali
245 _aDost Baniay Dost Banaiay
260 _a
_bSang-e-Meel Publication
_c
090 _c9488
_d9488
942 _aNUST-CAE
_cM
_c36364
999 _c247327
_d247327